Les départements français avec la plus haute altitude - Statistiques

Statistiques générales
  • Ce quiz a été pris 310 fois
  • Le résultat moyen est 12 sur 15
Statistiques - réponses
Altitude(m) Département % Correct
4810 Haute-Savoie
99%
3855 Savoie
98%
4012 Hautes-Alpes
94%
4088 Isère
93%
3298 Hautes-Pyrénées
92%
2921 Pyrénées-Orientales
92%
3412 Alpes-de-Haute-Provence
91%
3143 Alpes-Maritimes
88%
2974 Pyrénées-Atlantiques
88%
3143 Ariège
79%
3222 Haute-Garonne
79%
2454 Drôme
66%
2469 Aude
49%
2706 Haute-Corse
43%
3071 La Réunion
24%
Aucun quiz correspondant
Distribution des résultats
% des personnes avec chaque résultat
Percentile par nombre de réponses
Votre historique - résultats
Vous n’avez pas pris ce quiz